| 000 | 00517nam a22001697a 4500 | ||
|---|---|---|---|
| 005 | 20241114133456.0 | ||
| 008 | 241114b |||||||| |||| 00| 0 eng d | ||
| 020 | _a9780130674500 | ||
| 050 |
_aQA152.3 _b.M35 |
||
| 100 | _aMartin-Gay, K. Elayn | ||
| 245 |
_aAlgebra/ _ba combined approach _cK. Elayn Martin-Gay |
||
| 250 | _a2nd Ed. | ||
| 260 |
_aUpper Saddle River, New Jersey _bPrentice Hall _c2003 |
||
| 300 |
_axxviii. various pagings _bill. some color _c27.5cm |
||
| 650 | _2Algebra | ||
| 942 |
_2lcc _cBK _e2nd Ed. _n0 |
||
| 999 |
_c1196 _d1196 |
||